Open Data Biblioteca Nacional de Portugal


República Portuguesa: Ministério da Cultura
Biblioteca Nacional de Portugal

Catálogo da BNP: acesso por Identificadores Unívocos
Registos Bibliográficos associados ao registo de autoridade

Etiqueta de registo: 00254nam 2200025 450
001 2288487
003 http://id.bnportugal.gov.pt/bib/catbnp/2288487
100 ## $a20260622d2025 k y0pory01030103ba
101 0# $apor$deng
102 ## $aPT
105 ## $aa m 001yy
106 ## $ar
200 1# $aTransparência, condição financeira e sustentabilidade financeira nos governos locais$fLara Filipa Oliveira Baião$gorient. Susana Jorge, Pedro André Cerqueira
210 #9 $aCoimbra$c[s.n.],$d2025
215 ## $aXXXIX, [1], 242 p.$cil.$d30 cm
328 #1 $aTese dout. Gestão de Empresas, Faculdade de Economia da Universidade de Coimbra, 2025
675 ## $a005.58(043)$vBN$zpor$31243527
675 ## $a352.07(043)$vBN$zpor$31884567
700 #1 $aBaião,$bLara Filipa Oliveira$32001260
702 #1 $aJorge,$bSusana$4727$31818802
702 #1 $aCerqueira,$bPedro André Ribeiro Madeira$4727$31009761
801 #0 $aPT$bBN$gRPC
966 ## $lBN$mFGMON$sP. 73149 V.$x1
971 ## $cisantos$d20260622
973 ## $cigoulao$d20260702

OpendataBNP@bnportugal.pt | Mais informação sobre acesso aos dados BNP